| 000 | 00873nam a2200289 i 4500 | ||
|---|---|---|---|
| 001 | 15547 | ||
| 003 | DO-SdUEMH | ||
| 005 | 20260202142935.0 | ||
| 007 | ta | ||
| 008 | 211105s1987||||dr |||gr|||| 0|| | spa d | ||
| 040 |
_aDO-SdUEMH _bspa _erda |
||
| 041 | _aspa | ||
| 082 | 1 | 4 |
_aR-RD 348.7293046 R425 _mRD _bG633 |
| 084 | _b08-00344 | ||
| 100 | 1 |
_aGómez, Manuel Ubaldo _eaut |
|
| 245 | 0 |
_aRepertorio Alfabético de la Jurisprudencia Dominicana: _bsentencias de la Suprema Corte de Justicia / _cManuel Ubaldo Gómez |
|
| 250 | _aSegunda edición | ||
| 260 | _c1987 | ||
| 264 | 1 |
_aSanto Domingo, República Dominicana : _bTiempo, S. A., _c1987 |
|
| 264 | 4 | _c©1987 | |
| 300 |
_alxxii, 347 páginas : _c20 cm. |
||
| 336 |
_2rdacontent _atexto _btxt |
||
| 337 |
_2rdamedia _asin mediación _bn |
||
| 338 |
_2rdacarrier _avolumen _bnc |
||
| 942 |
_2ddc _cBK _n0 |
||
| 999 |
_c15547 _d15547 |
||